The comfort zone (Record no. 83754)
[ view plain ]
| 000 -LEADER | |
|---|---|
| fixed length control field | 00687cab a22001935a 4500 |
| 001 - CONTROL NUMBER | |
| control field | L154949 |
| 008 - FIXED-LENGTH DATA ELEMENTS--GENERAL INFORMATION | |
| fixed length control field | 120208e20120203xxk 000 0 eng d |
| 035 ## - SYSTEM CONTROL NUMBER | |
| System control number | (Sirsi) u154949 |
| 041 0# - LANGUAGE CODE | |
| Language code of text/sound track or separate title | eng |
| 100 1# - MAIN ENTRY--PERSONAL NAME | |
| Personal name | Bingham, Tony |
| 245 04 - TITLE STATEMENT | |
| Title | The comfort zone |
| 260 ## - PUBLICATION, DISTRIBUTION, ETC. | |
| Date of publication, distribution, etc. | 2012 |
| 490 ## - SERIES STATEMENT | |
| Series statement | Building |
| Volume/sequential designation | 277 (8713) 3 February 2012, 46-47(2) |
| 520 ## - SUMMARY, ETC. | |
| Summary, etc. | Discusses the ICC or the Infrastructure Conditions of Contract which replaces the ICE Conditions of Contract and is now produced by the Association of Consulting and Engineering (ACE) and the Civil Engineering Contractors Association (CECA). |
| 590 ## - LOCAL NOTE (RLIN) | |
| Local note | KA |
| 651 #4 - SUBJECT ADDED ENTRY--GEOGRAPHIC NAME | |
| Geographic name | United Kingdom |
| Chronological subdivision | |
| 690 ## - LOCAL SUBJECT ADDED ENTRY--TOPICAL TERM (OCLC, RLIN) | |
| Topical term or geographic name as entry element | Contracts |
| 9 (RLIN) | 6232 |
| 942 ## - ADDED ENTRY ELEMENTS (KOHA) | |
| Suppress in OPAC | 0 |
| Withdrawn status | Lost status | Source of classification or shelving scheme | Damaged status | Not for loan | Home library | Current library | Shelving location | Date acquired | Total Checkouts | Full call number | Barcode | Date last seen | Copy number | Price effective from | Koha item type |
|---|---|---|---|---|---|---|---|---|---|---|---|---|---|---|---|
| Dewey Decimal Classification | London | London | Journal article | 08/02/2012 | L154949 | 154949-1001 | 06/08/2019 | 1 | 06/08/2019 | Journal article |